[Event "Independence Cup A"]
[Site "Kyiv UKR"]
[Date "2006.08.22"]
[Round "10"]
[White "Dzupin,D"]
[Black "Chernozem,S"]
[Result "1/2-1/2"]
[WhiteElo "2311"]
[BlackElo "2080"]

1.Nf3 d5 2.c4 c6 3.g3 Nf6 4.Bg2 Bf5 5.O-O e6 6.d3 Nbd7 7.Be3 Bd6 8.Qb3 Qb8
9.Nc3 h6 10.cxd5 exd5 11.Nd4 Bh7 12.Bh3 O-O 13.Nf5 Bxf5 14.Bxf5 Re8 15.Kg2 Nc5
16.Qc2 Ne6 17.d4 Qc7 18.Rfe1 Qe7 19.a3 Ng5 20.b4 g6 21.Bd3 Kg7 22.Na4 Qd7
23.Bxg5 hxg5 24.h3 Rh8 25.Rh1 Rh5 26.Rh2 Rah8 27.Rah1 R8h7 28.Nc5 Qc8 29.e4 Bxc5
30.dxc5 dxe4 31.Bxe4 g4 32.hxg4 Rxh2+ 33.Rxh2 Rxh2+ 34.Kxh2 Qxg4 35.Bg2 Qd4  1/2-1/2

[Event "XXVI Open A"]
[Site "Bratto ITA"]
[Date "2006.08.23"]
[Round "5"]
[White "Bonazzi,E"]
[Black "Mantovani,R"]
[Result "0-1"]
[WhiteElo "2151"]
[BlackElo "2370"]

1.Nf3 d5 2.c4 c6 3.g3 Nf6 4.Bg2 Bf5 5.cxd5 cxd5 6.Qb3 Qd7 7.Ne5 Qc7 8.Nc3 Nc6
9.Nxc6 bxc6 10.d3 e6 11.Na4 Nd7 12.O-O Nc5 13.Nxc5 Bxc5 14.e4 Bg6 15.Qc3 Qb6
16.Qxg7 Bd4 17.Qh6 Rb8 18.h4 Rg8 19.h5 Bg7 20.Qg5 h6 21.Qh4 Bh7 22.Bf4 Rb7
23.exd5 cxd5 24.Rac1 Qd8 25.Qxd8+ Kxd8 26.Rc6 Bxb2 27.Rd1 Kd7 28.Rc2 Bd4
29.Kh2 Bf5 30.Bf1 e5 31.Be3 Bg4 32.Bh3 Bxe3 33.fxe3 f5 34.Rdc1 Rg5 35.Bxg4 fxg4
36.Rc5 Rxh5+ 37.Kg2 Rb2+ 38.R1c2 Rxc2+ 39.Rxc2 Rf5 40.Rc5 Kd6 41.Ra5 Rf3
42.e4 d4 43.Rxa7 Rxd3 44.Ra6+ Kc5 45.Ra5+ Kc4 46.Rxe5 Rd2+ 47.Kf1 Kd3  0-1

[Event "3rd Dato Arthur Tan"]
[Site "Kuala Lumpur MAS"]
[Date "2006.08.23"]
[Round "5"]
[White "Nguyen Thi Thanh An"]
[Black "Shanmugam,R"]
[Result "1-0"]
[WhiteElo "2312"]
[BlackElo "2156"]

1.Nf3 d5 2.c4 c6 3.e3 e6 4.d4 Nd7 5.Nbd2 f5 6.Bd3 Bd6 7.b3 Qf6 8.Bb2 Ne7
9.a4 a5 10.Ba3 Bxa3 11.Rxa3 e5 12.dxe5 Nxe5 13.Nxe5 Qxe5 14.O-O O-O 15.Ra2 f4
16.Nf3 Qh5 17.e4 dxe4 18.Bxe4 Bf5 19.Bxf5 Nxf5 20.Rd2 Rae8 21.Rd7 Rf7 22.Rxf7 Qxf7
23.Qd2 Qc7 24.h3 b6 25.Rd1 h6 26.Qd7 Qxd7 27.Rxd7 c5 28.Rd5 g6 29.Ne5 Kg7
30.Nd3 Re4 31.Rd7+ Kg8 32.Rb7 Rd4 33.Ne5 Rd6 34.Nd7 Nd4 35.Nxb6 Nxb3 36.Nd5 Nd2
37.Rb5 Nxc4 38.Rxc5 Nb6 39.Nxb6 Rxb6 40.Rxa5 Rb1+ 41.Kh2 Rb2 42.f3 Kg7 43.h4 Kf8
44.Rb5 Ra2 45.a5 h5 46.Rd5 Ke7 47.Rg5 Kf6 48.Kg1 Rb2 49.Kf1 Rb1+ 50.Ke2 Rh1
51.Rc5 Rg1 52.Kd3 Rxg2 53.Rc2 Rg1 54.Ra2 Rd1+ 55.Ke2 Rd7 56.a6 Ra7 57.Ra5 Ke6
58.Kd3 Kf6 59.Ke4 Ke6 60.Kxf4 Kf6 61.Ke4 Ke6 62.f4 Kf6 63.Kd4 Ra8 64.a7 Ke6
65.Ke4 Kf6 66.Ra6+  1-0

[Event "6th Open"]
[Site "Velika Gorica CRO"]
[Date "2006.08.24"]
[Round "7"]
[White "Djurovic,G"]
[Black "Lasic,L"]
[Result "1-0"]
[WhiteElo "2199"]
[BlackElo "2248"]

1.Nf3 d5 2.c4 d4 3.b4 Bg4 4.Qb3 f6 5.e3 e5 6.c5 a5 7.Bc4 Nh6 8.exd4 Nc6 9.Bb2 Bxf3
10.Qxf3 Nxd4 11.Bxd4 exd4 12.O-O c6 13.Re1+ Be7 14.Qh5+ Kf8 15.d3 axb4 16.Nd2 Qd7
17.Re6 Nf7 18.Rae1 g6 19.Rxe7 Qxe7 20.Rxe7 gxh5 21.Rxf7+ Ke8 22.Ne4 Kd8 23.Be6 Re8
24.Rd7+ Kc8 25.Nd6+ Kb8 26.Rxb7+  1-0

[Event "TCh-Serbia w"]
[Site "Zlatibor SCG"]
[Date "2006.08.26"]
[Round "1"]
[White "Todorovic,V"]
[Black "Djukic,Sa"]
[Result "1-0"]
[WhiteElo "2126"]
[BlackElo "2137"]

1.Nf3 d5 2.c4 d4 3.g3 c5 4.Bg2 Nc6 5.O-O e5 6.d3 Be7 7.e3 g5 8.exd4 cxd4
9.Re1 f6 10.Nfd2 h5 11.Bf3 g4 12.Be4 f5 13.Bg2 Nh6 14.b4 Nxb4 15.Rxe5 Nxd3
16.Rd5 Qc7 17.Ba3 Nf7 18.Qe2 Nde5 19.Rxd4 Nc6 20.Rd3 O-O 21.Bb2 Nb4 22.Re3 Bg5
23.Re6 Bxe6 24.Qxe6 Qd6 25.Qxf5 Rae8 26.Nc3 Re5 27.Qb1 Qd3 28.Nde4 Rd8 29.Nd5 Nc2
30.Bxe5 Nxe5 31.Nxg5 Qxc4 32.Qxb7 Nd7 33.Rc1 Qxa2 34.Qc7  1-0

[Event "3rd Dato Arthur Tan"]
[Site "Kuala Lumpur MAS"]
[Date "2006.08.27"]
[Round "11"]
[White "Murshed,N"]
[Black "Hasan,Me"]
[Result "1-0"]
[WhiteElo "2464"]
[BlackElo "2327"]

1.Nf3 d5 2.c4 c6 3.g3 Nf6 4.Bg2 dxc4 5.Qc2 Bg4 6.Ne5 Bh5 7.Nxc4 Nbd7 8.d4 e6
9.O-O Be7 10.Nc3 O-O 11.Qb3 Nb6 12.Na5 Qd7 13.h3 Nfd5 14.g4 Bg6 15.e4 Nb4
16.Be3 Kh8 17.a3 Na6 18.Ne2 f6 19.Rad1 Bf7 20.Qc2 Qc7 21.b4 Rac8 22.Bf4 e5
23.Bg3 Bd6 24.Nc1 Rcd8 25.dxe5 Bxe5 26.f4 Rxd1 27.Qxd1 Rd8 28.Qc2 Bd4+ 29.Kh2 c5
30.b5 Nb8 31.Ncb3 Qd7 32.Nxc5 Qxb5 33.Naxb7 Rd7 34.Rb1 Qa4 35.Qxa4 Nxa4 36.f5 Nc6
37.Re1  1-0

[Event "VIII Open"]
[Site "Sants ESP"]
[Date "2006.08.27"]
[Round "3"]
[White "Cruz Alvarez de Ron,D"]
[Black "Fluvia Poyatos,J"]
[Result "0-1"]
[WhiteElo "2219"]
[BlackElo "2467"]

1.Nf3 d5 2.c4 d4 3.c5 Nc6 4.Qa4 Qd5 5.b4 e5 6.e3 Bd7 7.b5 Qxc5 8.Ba3 Nb4
9.Qxb4 Qxb4 10.Bxb4 Bxb4 11.Nxe5 dxe3 12.fxe3 Be6 13.a3 Be7 14.d4 Bg5 15.e4 Bh4+
16.g3 Bf6 17.Nf3 O-O-O 18.e5 Be7 19.Nbd2 Nh6 20.Bc4 Nf5 21.Bxe6+ fxe6 22.Nb3 h5
23.Ke2 g5 24.Kd3 g4 25.Ne1 h4 26.Nc2 hxg3 27.hxg3 Nxg3 28.Rxh8 Rxh8 29.Ne3 Rh3
30.Nxg4 Nf5+ 31.Kc4 Rg3 32.Nf6 a6 33.Nc5 axb5+ 34.Kxb5 Nxd4+ 35.Kc4 Bxc5
36.Rh1 b6  0-1

[Event "TCh-Serbia w"]
[Site "Zlatibor SCG"]
[Date "2006.08.28"]
[Round "3"]
[White "Todorovic,V"]
[Black "Randjelovic,D1"]
[Result "1-0"]
[WhiteElo "2126"]
[BlackElo "2076"]

1.Nf3 d5 2.c4 e6 3.g3 dxc4 4.Qa4+ Nd7 5.Qxc4 a6 6.Qc2 b5 7.Bg2 Bb7 8.O-O c5
9.a4 Ngf6 10.d3 Be7 11.Bf4 O-O 12.axb5 axb5 13.Na3 Qa5 14.Qb3 b4 15.Bd2 Qa6
16.Nc2 Bd5 17.Rxa6 Bxb3 18.Rxa8 Rxa8 19.Ra1 Rxa1+ 20.Nxa1 Ba4 21.b3 Bc6 22.Ne1 Ne5
23.f4 Bxg2 24.fxe5 Bd5 25.exf6 Bxf6 26.e4 Bxa1 27.exd5 exd5 28.Nc2 Bf6 29.Ne3 Bg5
30.h4 Bh6 31.Nf1 c4 32.Bxh6 gxh6 33.dxc4 dxc4 34.bxc4 b3 35.Nd2 b2 36.Kf1  1-0

[Event "TCh-Serbia"]
[Site "Zlatibor SCG"]
[Date "2006.08.28"]
[Round "3"]
[White "Djuric,S"]
[Black "Drazic,S"]
[Result "1/2-1/2"]
[WhiteElo "2466"]
[BlackElo "2514"]

1.Nf3 d5 2.c4 e6 3.g3 a6 4.Qc2 Nf6 5.Bg2 Be7 6.O-O O-O 7.b3 c5 8.cxd5 Nxd5
9.Nc3 Nc6 10.Bb2 Nxc3 11.Qxc3 Bf6 12.Qc2 Bxb2 13.Qxb2 Bd7 14.Rac1 b6 15.d4 cxd4
16.Nxd4 Nxd4 17.Qxd4 Ra7 18.Rfd1 Qb8 19.h4 h6 20.a4 a5 21.Be4 b5 22.Rc5 f5
23.Bf3 bxa4 24.bxa4 Be8 25.Rdc1 Qb6 26.Qe5 Bxa4 27.Bc6 Bxc6 28.Qxe6+ Kh8
29.Rxc6 Qb4 30.Rc8 Ra8 31.Rxa8 Rxa8 32.Qxf5 a4 33.Qf3 Qa5 34.Rc5 Qd8 35.Rd5 Qe8
36.Rd3 Rd8 37.Rc3 Qe7 38.Kg2 Rf8 39.Re3 Qc5 40.Qe4 a3 41.Qa4 Qd5+ 42.f3 Ra8
43.Re8+ Rxe8 44.Qxe8+ Kh7 45.h5 a2 46.Qg6+ Kh8 47.Qe8+ Kh7 48.Qg6+ Kh8  1/2-1/2

[Event "Chess Cruise g/15"]
[Site "Odessa/Istanbul UKR/TUR"]
[Date "2006.08.31"]
[Round "8"]
[White "Tukmakov,V"]
[Black "Palatnik,S"]
[Result "0-1"]
[WhiteElo "2560"]
[BlackElo "2478"]

1.Nf3 d5 2.c4 e6 3.d4 c5 4.cxd5 exd5 5.Nc3 Nc6 6.g3 Nf6 7.Bg2 Be7 8.O-O O-O
9.dxc5 Bxc5 10.Bg5 d4 11.Bxf6 Qxf6 12.Nd5 Qd8 13.Ne1 Re8 14.Rc1 Bf8 15.Nd3 Bg4
16.Rc2 Qd7 17.Re1 Rad8 18.Qd2 Bf5 19.Rec1 Be4 20.N5f4 Bxg2 21.Kxg2 Qf5 22.Nc5 Ne5
23.Kg1 d3 24.Ncxd3 g5 25.Qc3 gxf4 26.Nxf4 Bh6 27.Qb4 Bxf4 28.Qxf4 Qxf4 29.gxf4 Nc6  0-1

[Event "TCh-Serbia w"]
[Site "Zlatibor SCG"]
[Date "2006.08.31"]
[Round "6"]
[White "Todorovic,V"]
[Black "Benderac,A"]
[Result "0-1"]
[WhiteElo "2126"]
[BlackElo "2288"]

1.Nf3 d5 2.c4 c6 3.e3 e6 4.Qc2 Bd6 5.Nc3 f5 6.b3 Nf6 7.Bb2 O-O 8.Be2 Qe8
9.O-O Bd7 10.Nd4 Ne4 11.cxd5 exd5 12.f4 a5 13.Bf3 Na6 14.a3 Nc7 15.Bxe4 fxe4
16.Na4 Qg6 17.Kh1 Rae8 18.Qc3 Rf6 19.Qxa5 Qh5 20.Rf2 Rh6 21.g3 Bg4 22.Qc3 Bf8
23.Nc5 b6 24.Na4 Nb5 25.Qc1 Nxd4 26.Bxd4 Bf3+ 27.Kg1 Qh3 28.Qf1 Qxg3+ 29.Rg2 Qh3
30.Kf2 Qh4+ 31.Kg1 Bxg2  0-1

[Event "Universities"]
[Site "Istanbul TUR"]
[Date "2006.09.01"]
[Round "3"]
[White "Kukov,V"]
[Black "Sulashvili,M"]
[Result "0-1"]
[WhiteElo "2258"]
[BlackElo "2431"]

1.Nf3 d5 2.c4 e6 3.g3 Nf6 4.Bg2 c5 5.cxd5 exd5 6.d4 Nc6 7.O-O Be7 8.Nc3 O-O
9.dxc5 Bxc5 10.Bg5 d4 11.Ne4 Be7 12.Nxf6+ Bxf6 13.Bxf6 Qxf6 14.Qd2 Be6 15.Rfd1 Rfd8
16.Qg5 Rd7 17.Ne1 Ne5 18.Nd3 Rc8 19.Rdc1 Rxc1+ 20.Rxc1 Bxa2 21.Bxb7 Rc7 22.Rxc7 Bd5
23.Nc5 Nc4 24.Ba6 Ne3 25.Qxg7+ Kxg7 26.g4 h6 27.f3 Be6 28.g5 Kg6 29.Bd3+ Kxg5
30.Rb7 Nc4 31.Rb6 Nxb6 32.Ba6 Bc4 33.Nd3  0-1

[Event "5th Open"]
[Site "Istanbul TUR"]
[Date "2006.09.01"]
[Round "3"]
[White "Pantsulaia,L"]
[Black "Filev,G"]
[Result "1-0"]
[WhiteElo "2584"]
[BlackElo "2271"]

1.Nf3 d5 2.c4 c6 3.g3 Nf6 4.Bg2 Bf5 5.cxd5 cxd5 6.Qb3 Qb6 7.Qxb6 axb6 8.Nc3 e6
9.Nb5 Na6 10.d3 Bb4+ 11.Bd2 Ke7 12.Nfd4 Bg6 13.f4 Rhd8 14.a3 Bxd2+ 15.Kxd2 Rac8
16.Rac1 h5 17.h3 Kd7 18.Nf3 Ke7 19.Ne5 Bh7 20.Bf3 Rc5 21.Nd4 Ne4+ 22.dxe4 dxe4
23.Bxh5 Rxd4+ 24.Ke3 Rdd5 25.Bxf7 Rxe5 26.fxe5 Kxf7 27.b4 Rxe5 28.Rc8 Bg6
29.Rf1+ Rf5 30.Rxf5+ exf5 31.Ra8 Ke7 32.Ra7 Kd7 33.Rxb7+ Nc7 34.Rb8 Bh5 35.Rg8 Ne6
36.a4 g5 37.Rb8 Kc7 38.Rh8 f4+ 39.gxf4 gxf4+ 40.Kf2 e3+ 41.Ke1 Bg6 42.h4 Be4
43.h5 f3 44.exf3 Bxf3 45.h6 Ng5 46.Rg8 Ne4 47.h7 Nf2 48.Rd8  1-0

[Event "3rd Open"]
[Site "Kalamaria GRE"]
[Date "2006.09.02"]
[Round "4"]
[White "Wojtaszek,R"]
[Black "Andersson,C"]
[Result "1-0"]
[WhiteElo "2622"]
[BlackElo "2252"]

1.Nf3 d5 2.c4 c6 3.e3 Nf6 4.Nc3 e6 5.b3 Bd6 6.Bb2 O-O 7.Qc2 a6 8.d4 Nbd7
9.Be2 e5 10.cxd5 cxd5 11.dxe5 Nxe5 12.O-O Nfg4 13.g3 Be6 14.Rad1 Rc8 15.Qd2 Nf6
16.Nxd5 Nxd5 17.Nxe5 Qc7 18.Nc4 Bb4 19.Qd4 Nf6 20.Rc1 Rfd8 21.Qh4 Be7 22.Bf3 b5
23.Ne5 Qa5 24.Rxc8 Rxc8 25.Nc6 Rxc6 26.Bxc6 Qxa2 27.Bxf6 Bxf6 28.Qe4 Qd2
29.Bb7 Qd6 30.Qc2 g6 31.Rd1 Qa3 32.Bd5 Bf5 33.Qc6 Kg7 34.Qe8 Qe7 35.Qxe7 Bxe7
36.e4 Bg4 37.Ra1 Bf3 38.Rxa6 f5 39.Ra7 Kf8 40.Ra8+ Kg7 41.Rg8+ Kh6 42.Re8 Bc5
43.Ba8 fxe4 44.Bxe4 Bd1 45.Re5  1-0

[Event "Rudenko Mem"]
[Site "St Petersburg RUS"]
[Date "2006.09.02"]
[Round "8"]
[White "Bystryakova,E"]
[Black "Ananyeva,T"]
[Result "1/2-1/2"]
[WhiteElo "2208"]
[BlackElo "1816"]

1.Nf3 d5 2.c4 c6 3.b3 Bf5 4.g3 Nf6 5.Bb2 e6 6.Bg2 Bd6 7.O-O Nbd7 8.d3 Qb6
9.Nbd2 O-O 10.Qc2 Rac8 11.e4 dxe4 12.dxe4 Bg6 13.Nh4 Qc5 14.a3 a5 15.Bc3 Qb6
16.Qb2 e5 17.Nf5 Bxf5 18.exf5 Rfe8 19.b4 axb4 20.axb4 Qc7 21.Ra7 Ra8 22.Rfa1 Rxa7
23.Rxa7 e4 24.c5 Be5 25.Bxe5 Nxe5 26.Nxe4 Nxe4 27.Bxe4 Qd7 28.Qc2 h6 29.h3 Qe7
30.Bg2 Rd8 31.Qe4 Qc7 32.Qf4 Qe7 33.Qe4 Qc7 34.f4 Nd7 35.Qe7 Qb8 36.Rxb7 Qxb7
37.Qxd8+ Nf8 38.Qd6 Qxb4 39.Kh2 h5 40.Bxc6 h4 41.gxh4 g6 42.fxg6 Nxg6 43.Bg2 Nxf4
44.Qe5 Ne6 45.c6 Qxh4 46.Qg3+ Qxg3+ 47.Kxg3 Kg7 48.Kg4 Kf6 49.h4 Kg7 50.Bd5 Nc7
51.Bc4 Kg6 52.Kf4 f6 53.h5+ Kxh5 54.Kf5 Na8 55.Kxf6 Kg4 56.Ke5 Kg5 57.Ba6 Nc7
58.Bf1 Na8 59.Bh3 Kg6 60.Ke6 Kg7 61.Ke7 Kg6 62.Bc8 Nb6 63.Bb7 Nd5+ 64.Kd6 Nf6
65.Ba6 Ne8+ 66.Kd7 Nf6+ 67.Kd8 Nd5 68.Kd7 Nf6+ 69.Kd6 Ne8+ 70.Kc5 Kf6 71.Bc8 Ke7
72.Bd7 Nc7 73.Kb6 Kd6 74.Kb7 Nb5 75.Bg4 Nc7 76.Be2 Ne8 77.Bh5 Nc7 78.Bf7 Nb5  1/2-1/2

[Event "TCh-Serbia"]
[Site "Zlatibor SCG"]
[Date "2006.09.02"]
[Round "8"]
[White "Cabrilo,G"]
[Black "Leskur,D"]
[Result "1/2-1/2"]
[WhiteElo "2461"]
[BlackElo "2477"]

1.Nf3 d5 2.c4 e6 3.b3 Nf6 4.Bb2 Be7 5.g3 O-O 6.Bg2 b6 7.O-O Bb7 8.e3 Nbd7
9.Nc3 c5 10.d3 Rc8 11.Qe2 Qc7 12.Nh4 dxc4 13.bxc4 Bxg2 14.Nxg2 Rfd8 15.f4 a6
16.a4 Nb8 17.Rad1 Nc6 18.Nh4 Nb4 19.Nf3 Qb7 20.h3 Ne8 21.g4 Nc7 22.f5 b5
23.fxe6 fxe6 24.axb5  1/2-1/2

[Event "5th Kesarovski - Georgiev Mem"]
[Site "Sunny Beach BUL"]
[Date "2006.09.03"]
[Round "2"]
[White "Eged,I"]
[Black "Vasilev,Vas ESP"]
[Result "1-0"]
[WhiteElo "2099"]
[BlackElo "2092"]

1.Nf3 d5 2.c4 c6 3.e3 Nf6 4.b3 g6 5.Bb2 Bg7 6.Be2 O-O 7.O-O Nbd7 8.cxd5 cxd5
9.Na3 a6 10.Nc2 Re8 11.Rc1 Nf8 12.b4 Bd7 13.Ncd4 e5 14.Nb3 Ne4 15.d3 Nd6
16.Nc5 Bc6 17.Qb3 Nd7 18.d4 e4 19.Nd2 Rc8 20.Ba1 Nf8 21.a4 Qb6 22.Rc2 Ne6
23.Rfc1 Red8 24.a5 Qa7 25.Nxa6 Nc7 26.Nxc7 Rxc7 27.b5 Bxb5  1-0

[Event "Universities"]
[Site "Istanbul TUR"]
[Date "2006.09.05"]
[Round "7"]
[White "Sulashvili,M"]
[Black "Doluhanova,E"]
[Result "1-0"]
[WhiteElo "2431"]
[BlackElo "2231"]

1.Nf3 d5 2.c4 c6 3.g3 g6 4.Bg2 Bg7 5.O-O Nf6 6.b3 Ne4 7.d4 O-O 8.Bb2 Nd7
9.Nbd2 Ndf6 10.Ne5 Nxd2 11.Qxd2 Ng4 12.cxd5 cxd5 13.h3 Nxe5 14.dxe5 Be6 15.Kh2 Qd7
16.Rfd1 Rad8 17.f4 h5 18.Rac1 f6 19.exf6 Bxf6 20.Bxf6 Rxf6 21.Qd4 h4 22.gxh4 Kf7
23.Kg3 Qd6 24.e3 Rf5 25.Bf3 g5 26.hxg5 Rxg5+ 27.Kf2 Rf5 28.Rg1 Qa3 29.Qg7+ Ke8
30.Rc2 Kd7 31.Bg4 Rf6 32.Rd1 Kd6 33.Qg5  1-0

[Event "TCh-ESP Honor Gp1"]
[Site "Olite ESP"]
[Date "2006.09.06"]
[Round "1"]
[White "Cacho Reigadas,S"]
[Black "Salgado Lopez,I"]
[Result "0-1"]
[WhiteElo "2476"]
[BlackElo "2411"]

1.Nf3 d5 2.c4 c6 3.e3 Nf6 4.Nc3 a6 5.Qc2 e6 6.b3 c5 7.Bb2 Be7 8.cxd5 exd5
9.d4 Nbd7 10.Be2 O-O 11.O-O b6 12.Rfd1 Bb7 13.Rac1 Rc8 14.Bf1 Re8 15.Qb1 Bd6
16.Re1 Qe7 17.a4 Ne4 18.dxc5 Bxc5 19.Qd3 Ndf6 20.Nd4 Ng4 21.Nxe4 dxe4 22.Qe2 Qg5
23.Red1 Ne5 24.Rc2 Qg6 25.Kh1 Nd3 26.Ba1 Rcd8 27.Rcd2 Bd5 28.f4 f6 29.Rb1 a5
30.Rc2 h5 31.Bc3 h4  0-1

[Event "TCh-POL Extraliga"]
[Site "Ustron POL"]
[Date "2006.09.07"]
[Round "6"]
[White "Jedynak,R"]
[Black "Rutkowski,M"]
[Result "1-0"]
[WhiteElo "2519"]
[BlackElo "2295"]

1.Nf3 d5 2.c4 c6 3.e3 Nf6 4.Qc2 g6 5.b3 Bg7 6.Bb2 O-O 7.Be2 Re8 8.O-O Bg4
9.h3 Bxf3 10.Bxf3 e5 11.d4 Nbd7 12.Rd1 exd4 13.Bxd4 dxc4 14.Qxc4 Qe7 15.Qc2 Rac8
16.Nd2 b6 17.Nc4 Red8 18.Rd2 Ne8 19.Bxg7 Kxg7 20.Rad1 c5 21.Qc3+ Ndf6 22.e4 Rxd2
23.Rxd2 Nc7 24.e5 Nfe8 25.e6+ Qf6 26.Qxf6+ Nxf6 27.Nd6 Rb8 28.e7 Ng8 29.Nf5+ Kf6
30.Rd8 Nxe7 31.Rxb8 Nxf5 32.Rb7 Nb5 33.a4 Nbd4 34.Bd5 Ne7 35.Bc4 Ndc6 36.f4 h6
37.Kf2 g5 38.fxg5+ hxg5 39.Rc7 Ke5 40.Rd7 f5 41.Bb5 f4 42.Bxc6 Nxc6 43.Rg7 Nd4
44.Rxg5+ Kf6 45.Rg4 Kf5 46.Rg7 Nxb3 47.Rxa7 c4 48.Rc7  1-0

[Event "FSGM September"]
[Site "Budapest HUN"]
[Date "2006.09.08"]
[Round "7"]
[White "Radziewicz,I"]
[Black "Kosic,D"]
[Result "1/2-1/2"]
[WhiteElo "2425"]
[BlackElo "2506"]

1.Nf3 d5 2.c4 e6 3.e3 Nf6 4.Nc3 a6 5.d4 c5 6.a3 dxc4 7.Bxc4 b5 8.Ba2 Bb7
9.O-O Be7 10.Qe2 Nbd7 11.Rd1 Qc7 12.Bd2 Rc8 13.Rac1 Qb8 14.e4 cxd4 15.Nxd4 O-O
16.Bg5 Bd6 17.Nf3 Ne5 18.Bxf6 gxf6 19.Nxe5 Bxe5 20.Rd7 Kh8 21.Rcd1 Bc6 22.R7d3  1/2-1/2

[Event "5th Kesarovski - Georgiev Mem"]
[Site "Sunny Beach BUL"]
[Date "2006.09.09"]
[Round "8"]
[White "Todorov,O"]
[Black "Bozov,A"]
[Result "1-0"]
[WhiteElo "2314"]
[BlackElo "2146"]

1.Nf3 d5 2.c4 Nf6 3.cxd5 Nxd5 4.d4 Bf5 5.Qb3 Nb6 6.Nc3 Be6 7.Qd1 Bc4 8.g3 N8d7
9.Bg2 c6 10.O-O g6 11.Nd2 Be6 12.Nb3 Bg7 13.Na5 Qc8 14.e4 Nf6 15.d5 cxd5
16.exd5 Bg4 17.Qb3 Bh3 18.Qb5+ Kf8 19.d6 exd6 20.Bf4 d5 21.Rac1 Bxg2 22.Kxg2 Qd7
23.Qxd7 Nfxd7 24.Nxb7 Bxc3 25.Rxc3 Kg7 26.Be5+  1-0

[Event "XVI WSen"]
[Site "Arvier ITA"]
[Date "2006.09.12"]
[Round "2"]
[White "Zakharov,AI"]
[Black "Veselsky,J"]
[Result "1-0"]
[WhiteElo "2395"]
[BlackElo "2169"]

1.Nf3 d5 2.c4 e6 3.d4 Nf6 4.Nc3 Be7 5.Bg5 h6 6.Bh4 O-O 7.e3 b6 8.Bd3 dxc4
9.Bxc4 Bb7 10.O-O Nbd7 11.Qe2 Ne4 12.Bg3 Nxg3 13.hxg3 c5 14.Rfd1 cxd4 15.Nxd4 Kh8
16.Nxe6 fxe6 17.Bxe6 Bc6 18.Qg4 Ne5 19.Rxd8 Raxd8 20.Qe2 Rf6 21.Bb3 Nd3 22.f4 Nc5
23.Bc2 Rfd6 24.Rd1 Rxd1+ 25.Bxd1 Ne4 26.Nxe4 Bxe4 27.Bc2 Bxc2 28.Qxc2 Bc5
29.Qe4 a5 30.a3 a4 31.Kh2 Rd2 32.f5 Rxb2 33.Qe8+ Kh7 34.Qxa4 Re2 35.Qd7 Rf2
36.a4 h5 37.Qf7 Bxe3 38.Qg6+ Kh8 39.Qe8+ Kh7 40.Qxe3 Rxf5 41.Qxb6  1-0

[Event "XVI WSen"]
[Site "Arvier ITA"]
[Date "2006.09.13"]
[Round "3"]
[White "Frumson,Y"]
[Black "Klovans,J"]
[Result "0-1"]
[WhiteElo "2317"]
[BlackElo "2433"]

1.Nf3 d5 2.c4 e6 3.g3 dxc4 4.Qa4+ Nd7 5.Qxc4 Ngf6 6.Bg2 c5 7.O-O b6 8.Nd4 Ne5
9.Nc6 Nxc4 10.Nxd8 Nd5 11.Nc3 Kxd8 12.Nxd5 Bb7 13.Nc3 Bxg2 14.Kxg2 Bd6 15.b3 Na5
16.d4 cxd4 17.Nb5 Bc5 18.Rd1 Ke7 19.Nxd4 Rhd8 20.Bb2 Rac8 21.Nf3 f6 22.Ne1 e5
23.Rxd8 Rxd8 24.Bc3 Nc6 25.Nd3 Ba3 26.Kf1 e4 27.Ne1 Nb4 28.f3 exf3 29.exf3 Rc8
30.Bd2 a5 31.Ke2 Ke6 32.Nd3 Nc2 33.Rf1 g5 34.Bc1 Nd4+ 35.Ke3 Nf5+ 36.Kd2 Bxc1+
37.Rxc1 Rxc1 38.Nxc1 Nd4 39.Ke3 Kd5 40.h4 Nf5+ 41.Kf2 gxh4 42.gxh4 Nxh4 43.Ne2 Nf5
44.Nc3+ Kd4 45.Ne4 Ke5 46.Nc3 Ne7 47.Kg3 Nd5 48.Ne2 Nb4 49.Nc3 Kd4 50.Ne4 f5
51.Nd6 Nxa2 52.Nxf5+ Kc3 53.Nd6 Kxb3 54.f4 Nc3 55.f5 Nd5  0-1

[Event "ProMoPro Open"]
[Site "Prague CZE"]
[Date "2006.09.13"]
[Round "5"]
[White "Rakous,P"]
[Black "Horak,K"]
[Result "1-0"]
[WhiteElo "2011"]
[BlackElo "1786"]

1.Nf3 d5 2.c4 dxc4 3.g3 Bg4 4.Bg2 Nc6 5.Qa4 Qd7 6.Na3 Ne5 7.Qxd7+ Nxd7 8.Nxc4 c6
9.Ng5 f6 10.Ne4 Nb6 11.Ne3 Bc8 12.b3 e5 13.Nc4 Nxc4 14.bxc4 Be6 15.Rb1 Rb8
16.Nc3 Bd6 17.c5 Bc7 18.Rxb7 Rxb7 19.Bxc6+ Kd8 20.Bxb7 Ne7 21.O-O Kd7 22.a4 Nc6
23.Ba6 Ba5 24.Ne4 Rb8 25.Bb5 Bb4 26.f4 Bd5 27.fxe5 fxe5 28.Nc3 Bxc5+ 29.e3 Be6
30.Ne4 Be7 31.Bb2 Bd5 32.Nf2 Bd6 33.e4 Be6 34.Rc1 Rb6 35.Nd3 a6 36.Rxc6 Rxc6
37.Bxc6+ Kxc6 38.Bxe5 Bxe5 39.Nxe5+ Kc5 40.Kf2 Bb3 41.a5 Kd4 42.Nd7 Ba4 43.Nf8 Bc2
44.Nxh7 Bxe4 45.Ng5 Bd5 46.h4 Kc5 47.Ke3 Kb5 48.Kd4 Bb3 49.Ne4 Be6 50.Ke5 Bg4
51.Kf4 Bc8 52.Nd6+  1-0

[Event "3rd Szeged Cup"]
[Site "Szeged HUN"]
[Date "2006.09.14"]
[Round "6"]
[White "Tanacs,A"]
[Black "Kiss,Ju"]
[Result "0-1"]
[WhiteElo "1890"]
[BlackElo "2118"]

1.Nf3 d5 2.c4 dxc4 3.e3 Nf6 4.Bxc4 c6 5.Nc3 g6 6.Qb3 e6 7.d4 Bg7 8.O-O O-O
9.Qc2 b5 10.Bd3 Nd5 11.Nxd5 exd5 12.e4 dxe4 13.Bxe4 Be6 14.Bxc6 Nxc6 15.Qxc6 Rc8
16.Qe4 Re8 17.Qf4 Bc4 18.Rd1 Be2 19.Be3 Bxd1 20.Rxd1 Qd5 21.Qh4 Re4 22.Qh3 Rce8
23.Rf1 h5 24.Qg3 Rg4 25.Qh3 Qxa2 26.Ne5 Bxe5 27.dxe5 Qxb2 28.f4 Rc8 29.Qf3 Rc2
30.Bf2 g5 31.h3 Rxf4 32.Qxh5 Rf5 33.h4 Rcxf2  0-1

[Event "XVI WSen"]
[Site "Arvier ITA"]
[Date "2006.09.15"]
[Round "5"]
[White "Frumson,Y"]
[Black "Davydov,M"]
[Result "0-1"]
[WhiteElo "2317"]
[BlackElo "2113"]

1.Nf3 d5 2.c4 e6 3.g3 dxc4 4.Qa4+ Nd7 5.Bg2 Nf6 6.Qxc4 c5 7.Qb3 Rb8 8.a4 b6
9.d3 Bd6 10.Na3 a6 11.O-O Bb7 12.Nc4 Bc7 13.Bg5 h6 14.Bxf6 Qxf6 15.Nfd2 Bxg2
16.Kxg2 O-O 17.Nf3 Rfe8 18.Rfd1 Rbd8 19.Qc3 Qe7 20.Kg1 Nb8 21.Ne3 Nc6 22.Qc4 a5
23.Qb3 Qd7 24.Nc2 e5 25.e4 g6 26.Ne3 Nb4 27.Ne1 Re6 28.N1c2 Nxd3 29.Nd5 c4
30.Qc3 Kg7 31.Nce3 Qc6 32.Nxc4 Nc5 33.Nxc7 Rxd1+ 34.Rxd1 Qxc7 35.Nd2 Qd7
36.Re1 Nxa4 37.Qc2 Nc5 38.Nc4 Qc6 39.f3 a4 40.Kg2 Nb3 41.Qd3 b5 42.Ne3 Qc5
43.h4 Rd6 44.Nd5 Rc6 45.Nc3 a3 46.Ne2 Qb4  0-1

[Event "5th Open"]
[Site "Izmir TUR"]
[Date "2006.09.15"]
[Round "6"]
[White "Batsiashvili,N"]
[Black "Sulashvili,M"]
[Result "0-1"]
[WhiteElo "2324"]
[BlackElo "2431"]

1.Nf3 d5 2.c4 e6 3.d4 c6 4.Nbd2 Nf6 5.Qc2 Nbd7 6.a3 g6 7.e4 dxe4 8.Nxe4 Nxe4
9.Qxe4 Bg7 10.Be2 c5 11.dxc5 Nxc5 12.Qe3 b6 13.Rb1 Bb7 14.b4 Ne4 15.Bb2 Bxb2
16.Rxb2 Qf6 17.Rc2 O-O 18.O-O Rfd8 19.Rfc1 Nd6 20.c5 bxc5 21.bxc5 Nf5 22.Qc3 Qxc3
23.Rxc3 Bxf3 24.Bxf3 Rac8 25.Rb1 Rc7 26.g3 Nd4 27.Kg2 Rdc8 28.Rb7 Rxb7 29.Bxb7 Rc7
30.c6 Kf8 31.Rc4 Nb5 32.Ra4 Ke7 33.Kf3 Kd6 34.Ra5 Nd4+ 35.Ke4 Nxc6 36.Bxc6 Kxc6
37.Ke5 Kb6 38.Ra4 Rc5+ 39.Kd6 a5 40.Rf4 Rd5+ 41.Ke7 Rf5 42.h4 Rxf4 43.gxf4 Kb5
44.Kxf7 Ka4 45.h5 gxh5 46.Kxe6 h4 47.f5 h3 48.f6 h2 49.f7 h1=Q 50.f8=Q Qe4+
51.Kd7 h5 52.Qd6 h4 53.f3 Qf5+ 54.Kc7 h3 55.Qd4+ Kxa3 56.Qc3+ Ka2 57.Kb6 Kb1
58.Qe1+ Kc2 59.Qe2+ Kc3 60.Qe1+ Kb2 61.Qe2+ Qc2 62.Qe5+ Kc1 63.Qe1+ Qd1 64.Qg3 Qd4+
65.Kb5 Qd3+ 66.Kb6 Qe3+ 67.Kb7 Qe6 68.Qg5+ Kd1 69.Qg1+ Ke2 70.Qh2+ Kd3 71.Qg3 a4
72.f4+ Kc4 73.Qa3 Qd5+ 74.Kb8 Qb5+ 75.Ka8 Qa5+  0-1

[Event "TCh-FIN 2006-7"]
[Site "Joensuu FIN"]
[Date "2006.09.16"]
[Round "1"]
[White "Novik,M"]
[Black "Sammalvuo,T"]
[Result "1-0"]
[WhiteElo "2490"]
[BlackElo "2458"]

1.Nf3 d5 2.c4 e6 3.g3 Nf6 4.Bg2 Be7 5.O-O O-O 6.b3 c5 7.Bb2 Nc6 8.e3 d4 9.exd4 cxd4
10.Re1 Ne8 11.Ne5 Nxe5 12.Rxe5 f6 13.Re1 e5 14.d3 Nc7 15.a3 a5 16.Nd2 Kh8
17.Bc1 Ne6 18.Rb1 Rb8 19.b4 axb4 20.axb4 b5 21.c5 Nc7 22.Nb3 Nd5 23.Bd2 Bb7
24.Na5 Ba8 25.Qb3 Rc8 26.c6 Nb6 27.Nb7 Qe8 28.Rbc1 Rc7 29.f4 Qc8 30.fxe5 fxe5
31.Rf1 Rxf1+ 32.Rxf1 Rxc6 33.Bxc6 Qxc6 34.Qf7 h6 35.Bxh6 Qxh6 36.Qxe7 Kh7
37.Rf7 Nd5 38.Qxe5 Qc1+ 39.Rf1 Qc6 40.Nd8 Nf4 41.Nxc6  1-0

[Event "USCL"]
[Site "ICC INT"]
[Date "2006.09.20"]
[Round "4"]
[White "Bonin,J"]
[Black "Schroer,J"]
[Result "1-0"]
[WhiteElo "2315"]
[BlackElo "2354"]

1.Nf3 d5 2.c4 e6 3.d4 Nf6 4.Nc3 Be7 5.Bg5 O-O 6.e3 h6 7.Bxf6 Bxf6 8.Rc1 c6
9.Be2 Nd7 10.O-O dxc4 11.Bxc4 e5 12.h3 exd4 13.exd4 Nb6 14.Bb3 Re8 15.Re1 Bf5
16.Ne5 Bxe5 17.dxe5 Qxd1 18.Rcxd1 Rad8 19.g4 Be6 20.f4 Bxb3 21.axb3 Kf8 22.Kf2 Ke7
23.Kf3 Rd7 24.Rxd7+ Kxd7 25.Rd1+ Kc7 26.h4 g5 27.Rd6 gxf4 28.Rxh6 Rxe5 29.Rf6 Re7
30.h5 Nd7 31.Rf5 Nf8 32.Ne4 Ne6 33.Nf6 Nd4+ 34.Kxf4 Re1 35.Re5 Rf1+ 36.Ke4 Rxf6
37.Kxd4 Rf4+ 38.Re4 Rf3 39.Ke5 Rxb3 40.Rf4 Rxb2 41.Rxf7+ Kb6 42.h6 Rh2 43.h7 a5
44.g5 a4 45.g6 a3 46.Rf3 a2 47.Ra3 Kc5 48.Rxa2 Rxa2 49.h8=Q  1-0

[Event "XVI WSen"]
[Site "Arvier ITA"]
[Date "2006.09.22"]
[Round "11"]
[White "Hocevar,N"]
[Black "Trifunovic,Du"]
[Result "1/2-1/2"]
[WhiteElo "2090"]
[BlackElo "1985"]

1.Nf3 d5 2.c4 c6 3.d4 e6 4.Nc3 Nf6 5.g3 Be7 6.Bg2 O-O 7.O-O Nbd7 8.b3 b6
9.Bb2 Qc7 10.Rc1 Bb7 11.Ne5 Qd8 12.e4 dxe4 13.Nxe4 Nxe4 14.Bxe4 Nxe5 15.dxe5 Qxd1
16.Rcxd1 Rfd8 17.Kg2 Kf8 18.h4 h6  1/2-1/2